Final Destination : (Record no. 16770)
[ view plain ]
| 000 -LEADER | |
|---|---|
| fixed length control field | 02783ngm a2200445 4500 |
| 003 - CONTROL NUMBER IDENTIFIER | |
| control field | dpl |
| 005 - DATE AND TIME OF LATEST TRANSACTION | |
| control field | 20080723110517.0 |
| 007 - PHYSICAL DESCRIPTION FIXED FIELD--GENERAL INFORMATION | |
| fixed length control field | DVD |
| 008 - FIXED-LENGTH DATA ELEMENTS--GENERAL INFORMATION | |
| fixed length control field | ||||||sp199 xxu|||||c|||| 00| 0 eng d |
| 010 ## - LIBRARY OF CONGRESS CONTROL NUMBER | |
| LC control number | DVD-000965-967 & DVD-005352-5356 |
| 024 ## - OTHER STANDARD IDENTIFIER | |
| Standard number or code | EDVD-A10021 |
| Terms of availability | 499.00 , 99.00 (Revised Price) |
| 035 ## - SYSTEM CONTROL NUMBER | |
| System control number | DVD-000965-967 |
| 035 ## - SYSTEM CONTROL NUMBER | |
| System control number | DVD-005352-5356 |
| 040 ## - CATALOGING SOURCE | |
| Original cataloging agency | DPL |
| Transcribing agency | DPL |
| 082 ## - DEWEY DECIMAL CLASSIFICATION NUMBER | |
| Classification number | DVD / FINA |
| 245 ## - TITLE STATEMENT | |
| Title | Final Destination : |
| Statement of responsibility, etc | New Line Cinema Presents |
| Medium | [videorecording] DVD/ |
| Remainder of title | Death Doesn't Take No Fro An Answer |
| 260 ## - PUBLICATION, DISTRIBUTION, ETC. (IMPRINT) | |
| Name of publisher, distributor, etc | New Line Cinema |
| 300 ## - PHYSICAL DESCRIPTION | |
| Extent | 1 videodisc DVD; (98 min.) |
| Other physical details | sd., col. ; |
| Dimensions | 4 3/4 in. |
| Type of unit | DVD |
| 440 ## - SERIES STATEMENT/ADDED ENTRY--TITLE | |
| Title | Eagle Home Entertainment |
| 500 ## - GENERAL NOTE | |
| General note | This DVD is Copy Protected |
| 538 ## - SYSTEM DETAILS NOTE | |
| Display text | Language: Dolby Digital 5.1-English Subtitles: English, Hindi |
| 538 ## - SYSTEM DETAILS NOTE | |
| System details note | Aspect Ratio: 2.35:1, Presentation type: Wide Screen Presentation Size 16x9 |
| 650 ## - SUBJECT ADDED ENTRY--TOPICAL TERM | |
| Topical term or geographic name as entry element | Motion Picture |
| 700 ## - ADDED ENTRY--PERSONAL NAME | |
| Personal name | Sawa, Devon |
| 700 ## - ADDED ENTRY--PERSONAL NAME | |
| Personal name | Larter, Alli |
| 700 ## - ADDED ENTRY--PERSONAL NAME | |
| Personal name | Smith, Kerr |
| 700 ## - ADDED ENTRY--PERSONAL NAME | |
| Personal name | Walker, Shirey |
| 700 ## - ADDED ENTRY--PERSONAL NAME | |
| Personal name | Coblenz, James |
| 700 ## - ADDED ENTRY--PERSONAL NAME | |
| Personal name | Willett, Johnn |
| 942 ## - ADDED ENTRY ELEMENTS (KOHA) | |
| Koha item type | CD-ROMs, DVDs, VHS |
| Source of classification or shelving scheme | Dewey Decimal Classification |
| Classification part | DVD |
| Call number suffix | FINA |
| Withdrawn status | Lost status | Source of classification or shelving scheme | Damaged status | Not for loan | Home library | Current library | Date acquired | Source of acquisition | Cost, normal purchase price | Total Checkouts | Total Renewals | Full call number | Barcode | Date last seen | Date checked out | Copy number | Cost, replacement price | Price effective from | Koha item type |
|---|---|---|---|---|---|---|---|---|---|---|---|---|---|---|---|---|---|---|---|
| Dewey Decimal Classification | Central Library | Central Library | 15/10/2008 | Purchase | 499.00 | 74 | 1 | DVD FINA | DVD-000965 | 08/02/2017 | 29/12/2016 | 1 | 499.00 | 15/10/2008 | CD-ROMs, DVDs, VHS | ||||
| Dewey Decimal Classification | Janak Puri | Janak Puri | 16/12/2009 | Pioneers/885/29-10-09/325/13-10-09 /06-11-09 | 99.00 | 17 | DVD FINA | DVD-005352 | 11/04/2013 | 28/03/2013 | 1 | 99.00 | 16/12/2009 | CD-ROMs, DVDs, VHS | |||||
| Dewey Decimal Classification | Karol Bagh | Karol Bagh | 16/12/2009 | Pioneers/885/29-10-09/325/13-10-09 /06-11-09 | 99.00 | 11 | DVD FINA | DVD-005355 | 28/04/2015 | 13/04/2015 | 1 | 99.00 | 16/12/2009 | CD-ROMs, DVDs, VHS | |||||
| Dewey Decimal Classification | Narela | Narela | 16/12/2009 | Pioneers/885/29-10-09/325/13-10-09 /06-11-09 | 99.00 | 10 | DVD FINA | DVD-005356 | 06/08/2012 | 21/07/2012 | 1 | 99.00 | 16/12/2009 | CD-ROMs, DVDs, VHS | |||||
| Dewey Decimal Classification | Patel Nagar | Patel Nagar | 15/10/2008 | Purchase | 499.00 | 27 | DVD FINA | DVD-000967 | 29/08/2011 | 24/08/2011 | 1 | 499.00 | 15/10/2008 | CD-ROMs, DVDs, VHS | |||||
| Dewey Decimal Classification | R.K.Puram-8 | R.K.Puram-8 | 16/12/2009 | Pioneers/885/29-10-09/325/13-10-09 /06-11-09 | 99.00 | 12 | 1 | DVD FINA | DVD-005353 | 23/05/2016 | 17/05/2016 | 1 | 99.00 | 16/12/2009 | CD-ROMs, DVDs, VHS | ||||
| Dewey Decimal Classification | Sarojini Nagar | Sarojini Nagar | 15/10/2008 | Purchase | 499.00 | 29 | 1 | DVD FINA | DVD-000966 | 16/12/2011 | 16/12/2011 | 1 | 499.00 | 15/10/2008 | CD-ROMs, DVDs, VHS | ||||
| Dewey Decimal Classification | Vinoba Puri | Vinoba Puri | 16/12/2009 | Pioneers/885/29-10-09/325/13-10-09 /06-11-09 | 99.00 | 10 | 3 | DVD FINA | DVD-005354 | 27/04/2018 | 26/03/2018 | 1 | 99.00 | 16/12/2009 | CD-ROMs, DVDs, VHS |
